000 00519nam a22001817a 4500
005 20231124065348.0
008 231124b |||||||| |||| 00| 0 eng d
020 _a0702104833
041 _aEnglish
082 _a340.9 SPI
100 _aSpiro, E
_lEnglish
245 _aConflict of Laws /
_cE Spiro
250 _aFirst Edition
260 _aCape Town :
_bJuta and Company Ltd,
_c1973
300 _bxxxvi, 291 pages ;
_c26 cm.
650 _aLegal practice
_bLaw
942 _cBK
_6ALISON_BN_VRIES
999 _c922
_d922